Fundamentals of Accounting. (Record no. 7974)

MARC details
000 -LEADER
fixed length control field 00565nam a22002057a 4500
003 - CONTROL NUMBER IDENTIFIER
control field OSt
005 - DATE AND TIME OF LATEST TRANSACTION
control field 20220810170641.0
008 - FIXED-LENGTH DATA ELEMENTS--GENERAL INFORMATION
fixed length control field 220810b ||||| |||| 00| 0 eng d
020 ## - INTERNATIONAL STANDARD BOOK NUMBER
International Standard Book Number 9780538448277
040 ## - CATALOGING SOURCE
Transcribing agency DDC
082 ## - DEWEY DECIMAL CLASSIFICATION NUMBER
Classification number 657 GIL 2009
100 ## - MAIN ENTRY--PERSONAL NAME
Personal name Gilbertson ,Claudia Bienias; Lehman, Mark W
9 (RLIN) 16196
245 ## - TITLE STATEMENT
Title Fundamentals of Accounting.
250 ## - EDITION STATEMENT
Edition statement 9thed.
260 ## - PUBLICATION, DISTRIBUTION, ETC. (IMPRINT)
Place of publication, distribution, etc. Singapore:
Name of publisher, distributor, etc. Cengage Learning;
Date of publication, distribution, etc. 2009.
300 ## - PHYSICAL DESCRIPTION
Extent xii,718p.:
Other physical details ill;
Dimensions 28cm
504 ## - BIBLIOGRAPHY, ETC. NOTE
Bibliography, etc Index included.
650 ## - SUBJECT ADDED ENTRY--TOPICAL TERM
Topical term or geographic name as entry element Fundamentals of Accounting.
9 (RLIN) 16197
942 ## - ADDED ENTRY ELEMENTS (KOHA)
Source of classification or shelving scheme Dewey Decimal Classification
Koha item type Book
Holdings
Withdrawn status Lost status Source of classification or shelving scheme Damaged status Not for loan Home library Current library Date acquired Source of acquisition Inventory number Total Checkouts Full call number Barcode Date last seen Price effective from Koha item type
    Dewey Decimal Classification     MUST Main Library MUST Main Library 10/08/2022 Purchase 22/41944   657 GIL 2009 2022-7857 10/08/2022 10/08/2022 Book
    Dewey Decimal Classification     MUST Main Library MUST Main Library 10/08/2022 Purchase 22/41945   657 GIL 2009 2022-7858 10/08/2022 10/08/2022 Book